00707 a2200193 4500010001400000020002300014035001300037037001800050082001000068100001600078245010700094260005000201270004400251300003100295500002000326942002900346999001500375952012300390 aENG-86057 a0070658358c199.00 aEN-69590 bD.B.Act / Pub14a158.11 aFiore, Neil1 aAwaken your strongest self :cby Neil Fiorebbreak free of strees, inner conflict, and self-sabotage / aNew DelhibTata Mc-Graw Hill Publishingc2007 a7, West Patel NagarbNew Delhie110 008 axvi, 240 p.c21 cm. (Pbk.) aIncludes index adplcEN2ddch158.1mFIO c4071d4071 001040718NFICaDBADbDBADd0000-00-00eDBAD/PUBg199.00l0o158.1 FIOpEN-69590r2008-09-15 00:00:00t1v199.00yEN